000 01130nac a22002651i 4500
003 EG-ScBUE
005 20250315125356.0
008 250315s2003 ii a fr 000 0 eng d
020 _a8121922437
020 _a9788121922432
040 _aEG-ScBUE
_beng
_erda
_cEG-ScBUE
_dEG-ScBUE
082 0 4 _a515.63
_bNAR
_222
100 1 _aNarayan, Shanti,
_eauthor.
245 1 2 _aA textbook of vector analysis :
_bwith applications of geometry and statics : for the students of B.A. and B.Sc. (Pass and Hons. courses) /
_cShanti Narayan, former dean of colleges, and principal, Hans Raj college, university of Delhi ; revised by P. K. Mittal, M.Sc., Ph.D., head of mathematics deptt., Govt. post graduate college Rishikesh.
246 3 0 _aVector analysis
250 _aRevised edition.
264 1 _aRam Nagar, New Delhi :
_bS. Chand & Company, Ltd.,
_c2003.
300 _axv, 391 pages :
_billustrations ;
_c24 cm.
336 _2rdacontent
_atext
_btxt
337 _aunmediated
_2rdamedia
_bn
338 _avolume
_bnc
_2rdacarrier
650 7 _aVector analysis.
_2BUEsh
700 1 _aMittal, P. K.,
_eeditor.
942 _cBB
_k515.63N2186
_2ddc
999 _c1276
_d1276